000 00360nam a2200133Ia 4500
003 GCL
008 140319s9999 xx 000 0 eng d
040 _aGCL /
_cGCL
082 0 4 _a005.13
_bM B
100 1 _aMILLER,ALAN R
245 1 0 _aBORLAND PASCAL PROGRAMS FOR SCIENTISTS ENGINEERS /
_cMILLER,ALAN R
260 _a[S.N] :
_bSYBEX ،
_c1993
300 _a322 PP
999 _c15759
_d15759